| 000 | 00759nam a2200289 a 4500 | ||
|---|---|---|---|
| 003 | AR-BaBNM | ||
| 005 | 20251128210029.0 | ||
| 008 | 082120s2002 ||||||||||||||000 | spa|| | ||
| 020 | _a0-201-84670-5 | ||
| 040 | _cAR-BaBNM | ||
| 100 | 1 | _aDresser, Norine | |
| 245 | 0 | 0 |
_aOur own stories _breadings for cross-cultural communication |
| 250 | _a2ª ed. | ||
| 260 |
_aWhite Plains _bLongman _c1995 |
||
| 300 |
_a161 p. _bil. |
||
| 650 | 4 | _aINGLES | |
| 650 | 4 | _aLENGUAS GERMANICAS | |
| 650 | 4 | _aENSEÑANZA DE IDIOMAS | |
| 650 | 4 | _aACTIVIDADES DE APRENDIZAJE | |
| 650 | 4 | _aGRAMATICA | |
| 650 | 4 | _aENSEÑANZA DEL VOCABULARIO | |
| 650 | 4 | _aVOCABULARIO | |
| 650 | 4 | _aSINTAXIS | |
| 650 | 4 | _aEDUCACION INTERCULTURAL | |
| 942 | _cBK | ||
| 998 | _cMARTIN | ||
| 999 |
_c13783 _d13783 |
||